[Event "ch-FRA Blitz Online Qual"]
[Site "Europe-Chess INT"]
[Date "2020.05.16"]
[Round "12"]
[White "Flores, Christophe"]
[Black "Dubois, Mart"]
[Result "0-1"]
[WhiteElo "1332"]
[BlackElo "1802"]
[PlyCount "72"]
[EventDate "2020.05.16"]
[EventType "swiss (blitz)"]
[EventRounds "15"]
[SourceTitle "The Week in Chess 1333"]
[Source "Mark Crowther"]
[SourceDate "2020.05.25"]
[SourceVersion "1"]
[SourceVersionDate "2020.05.25"]
[SourceQuality "2"]

1. e4 e5 2. Nf3 d5 3. exd5 e4 4. Qe2 Nf6 5. Nc3 Be7 6. Nd4 Nxd5 7. Qxe4 O-O 8.
Bd3 Nf6 9. Nd5 Qxd5 10. Qxd5 Nxd5 11. O-O Bf6 12. Nf3 Nf4 13. Bc4 Be6 14. Bxe6
Nxe6 15. c3 c5 16. Rd1 Nc6 17. d3 Rfd8 18. Be3 Rd7 19. Rd2 Rad8 20. Rad1 Ne5
21. d4 Nxf3+ 22. gxf3 cxd4 23. cxd4 Bxd4 24. b3 Kf8 25. Kg2 Ke7 26. Kg3 Bxe3
27. Rxd7+ Rxd7 28. Rxd7+ Kxd7 29. fxe3 f5 30. e4 fxe4 31. fxe4 Nc5 32. Kf4 Ke6
33. h4 h6 34. h5 Nd3+ 35. Ke3 Nc1 36. Kf4 Nxa2 0-1

[Event "ch-FRA Blitz Online Qual"]
[Site "Europe-Chess INT"]
[Date "2020.05.16"]
[Round "9"]
[White "Chevillon, Manon"]
[Black "Frazao, Thomas"]
[Result "0-1"]
[WhiteElo "1356"]
[BlackElo "1719"]
[PlyCount "110"]
[EventDate "2020.05.16"]
[EventType "swiss (blitz)"]
[EventRounds "15"]
[SourceTitle "The Week in Chess 1333"]
[Source "Mark Crowther"]
[SourceDate "2020.05.25"]
[SourceVersion "1"]
[SourceVersionDate "2020.05.25"]
[SourceQuality "2"]

1. e4 e5 2. Nf3 d5 3. exd5 e4 4. Nd4 Qxd5 5. Nb3 Nf6 6. Nc3 Qe5 7. Be2 Bb4 8.
d3 Bxc3+ 9. bxc3 Qxc3+ 10. Bd2 Qe5 11. O-O O-O 12. d4 Qe8 13. Bg5 Nbd7 14. Nc5
Nxc5 15. dxc5 Qc6 16. Qd4 Bf5 17. Bxf6 Qxf6 18. Qxf6 gxf6 19. c3 Rad8 20. Rad1
Kg7 21. h3 Be6 22. a3 f5 23. Rxd8 Rxd8 24. Rd1 Rxd1+ 25. Bxd1 Kf6 26. Kf1 Bc4+
27. Be2 Bxe2+ 28. Kxe2 Ke5 29. Ke3 b6 30. cxb6 axb6 31. g3 h5 32. h4 f6 33. c4
c6 34. a4 c5 35. f3 exf3 36. Kxf3 Kd4 37. Kf4 Kxc4 38. Kxf5 Kb3 39. Kxf6 c4 40.
g4 hxg4 41. h5 c3 42. h6 c2 43. h7 c1=Q 44. Kg6 Qh1 45. Kg7 Qxh7+ 46. Kxh7 g3
47. Kh6 g2 48. Kh5 g1=Q 49. Kh6 Kc4 50. Kh7 Kd5 51. Kh6 Ke5 52. Kh5 Kf4 53. Kh6
Kf5 54. Kh7 Kf6 55. Kh8 Qg7# 0-1

[Event "ch-FRA Blitz Online Qual"]
[Site "Europe-Chess INT"]
[Date "2020.05.16"]
[Round "8"]
[White "Bag, Ayoub"]
[Black "Dubois, Mart"]
[Result "1-0"]
[WhiteElo "1467"]
[BlackElo "1802"]
[PlyCount "77"]
[EventDate "2020.05.16"]
[EventType "swiss (blitz)"]
[EventRounds "15"]
[SourceTitle "The Week in Chess 1333"]
[Source "Mark Crowther"]
[SourceDate "2020.05.25"]
[SourceVersion "1"]
[SourceVersionDate "2020.05.25"]
[SourceQuality "2"]

1. e4 e5 2. Nf3 d5 3. Nxe5 Bd6 4. Ng4 dxe4 5. Ne3 Nf6 6. g3 Nc6 7. Bg2 Ne5 8.
Nc3 Qe7 9. O-O O-O 10. Nxe4 Nxe4 11. Bxe4 f5 12. Bd5+ Kh8 13. d4 Ng6 14. Nc4 f4
15. Nxd6 Qxd6 16. Bg2 fxg3 17. fxg3 Rxf1+ 18. Kxf1 Bd7 19. c3 Rf8+ 20. Kg1 c6
21. Be3 Qe7 22. Qd2 Bf5 23. Rf1 Qd7 24. d5 cxd5 25. Qxd5 Qxd5 26. Bxd5 Bc8 27.
Rxf8+ Nxf8 28. Bd4 Ng6 29. Bb3 b6 30. Kf2 Ne7 31. Kf3 Nc6 32. Be3 Ne5+ 33. Kg2
Bb7+ 34. Kf1 Nd3 35. Ke2 Ba6 36. Kd2 Ne5 37. Bd5 Nc4+ 38. Bxc4 Bxc4 39. a4 1-0

[Event "ch-FRA Blitz Online Qual"]
[Site "Europe-Chess INT"]
[Date "2020.05.16"]
[Round "4"]
[White "Courjal, Juliette"]
[Black "Dubois, Mart"]
[Result "0-1"]
[WhiteElo "1388"]
[BlackElo "1802"]
[PlyCount "98"]
[EventDate "2020.05.16"]
[EventType "swiss (blitz)"]
[EventRounds "15"]
[SourceTitle "The Week in Chess 1333"]
[Source "Mark Crowther"]
[SourceDate "2020.05.25"]
[SourceVersion "1"]
[SourceVersionDate "2020.05.25"]
[SourceQuality "2"]

1. e4 e5 2. Nf3 d5 3. Nxe5 Bd6 4. d4 dxe4 5. Bf4 Nf6 6. c3 O-O 7. f3 exf3 8.
Qxf3 c6 9. Be2 Bg4 10. Nxg4 Bxf4 11. Qxf4 Nd5 12. Qg3 Qe7 13. Qf3 Re8 14. Rf1
Nd7 15. Nd2 h5 16. Ne5 Nxe5 17. dxe5 Qxe5 18. Qxf7+ Kh8 19. Qf3 Nf4 20. O-O-O
Nxe2+ 21. Kb1 Qe4+ 22. Qxe4 Rxe4 23. Nf3 Rae8 24. Rde1 Nf4 25. Rxe4 Rxe4 26.
Rc1 Ne2 27. Ng5 Nxc1 28. Kxc1 Rg4 29. Nf7+ Kg8 30. Nd6 Rxg2 31. Nxb7 Rxh2 32.
Nc5 Rg2 33. Nd7 h4 34. Ne5 h3 35. Nf3 h2 36. Nxh2 Rxh2 37. b4 Rxa2 38. c4 Ra4
39. b5 Rxc4+ 40. Kb2 cxb5 41. Kb3 g5 42. Kb2 g4 43. Kb3 g3 44. Ka2 g2 45. Ka3
g1=Q 46. Ka2 Qf2+ 47. Ka3 Qd2 48. Kb3 Qc2+ 49. Ka3 Ra4# 0-1

[Event "ch-FRA Blitz Online Qual"]
[Site "Europe-Chess INT"]
[Date "2020.05.16"]
[Round "2"]
[White "Saba, Nathalie"]
[Black "Duranton, Paul"]
[Result "1-0"]
[WhiteElo "1626"]
[BlackElo "1203"]
[PlyCount "137"]
[EventDate "2020.05.16"]
[EventType "swiss (blitz)"]
[EventRounds "15"]
[SourceTitle "The Week in Chess 1333"]
[Source "Mark Crowther"]
[SourceDate "2020.05.25"]
[SourceVersion "1"]
[SourceVersionDate "2020.05.25"]
[SourceQuality "2"]

1. e4 e5 2. Nf3 d5 3. exd5 e4 4. Qe2 Nf6 5. Nc3 Bf5 6. d3 Bb4 7. Bd2 Bxc3 8.
Bxc3 Qxd5 9. Nd2 O-O 10. Bxf6 exd3 11. cxd3 gxf6 12. Qf3 Qxf3 13. Nxf3 Re8+ 14.
Kd2 Nc6 15. a3 Rad8 16. Be2 Nd4 17. Nxd4 Rxd4 18. Kc3 Rdd8 19. Rhe1 Rd7 20.
Rad1 Red8 21. d4 Be4 22. f3 Bc6 23. Bc4 b6 24. Rd2 Bb7 25. Red1 a6 26. b4 b5
27. Bb3 Bc6 28. f4 Bb7 29. g3 Re7 30. d5 Re3+ 31. Rd3 Rxd3+ 32. Rxd3 c6 33. d6
Bc8 34. Bd1 Bf5 35. Rd4 Re8 36. d7 Rd8 37. Bc2 Bxd7 38. Bf5 Bxf5 39. Rxd8+ Kg7
40. Kd4 Bh3 41. Ra8 Bg2 42. Rxa6 Kg6 43. Kc5 Kf5 44. Rxc6 Bxc6 45. Kxc6 Kg4 46.
Kxb5 Kh3 47. a4 Kxh2 48. a5 h5 49. a6 Kxg3 50. a7 h4 51. a8=Q Kxf4 52. Kc5 Kg3
53. b5 h3 54. b6 f5 55. b7 Kf2 56. b8=Q Kg1 57. Qa1+ Kg2 58. Qbb2+ Kg3 59. Qh1
f4 60. Qbh2+ Kg4 61. Qxh3+ Kg5 62. Q1g2+ Kf6 63. Qgf3 Ke7 64. Qxf4 f5 65. Qfxf5
Ke8 66. Qh8+ Ke7 67. Qhh7+ Ke8 68. Qfg6+ Kf8 69. Qgg8# 1-0

[Event "ch-FRA Blitz Online Qual"]
[Site "Europe-Chess INT"]
[Date "2020.05.16"]
[Round "2"]
[White "Pernoud, C.."]
[Black "Dubois, Mart"]
[Result "0-1"]
[WhiteElo "1428"]
[BlackElo "1802"]
[PlyCount "48"]
[EventDate "2020.05.16"]
[EventType "swiss (blitz)"]
[EventRounds "15"]
[SourceTitle "Updates"]
[Source "OMCORR"]
[SourceDate "2020.11.02"]
[SourceVersion "1"]
[SourceVersionDate "2020.11.02"]
[SourceQuality "1"]

1. e4 e5 2. Nf3 d5 3. exd5 e4 4. Nd4 Qxd5 5. c3 c5 6. Nc2 Nf6 7. d3 exd3 8.
Bxd3 Qxg2 9. Qe2+ Be6 10. Qf1 Qxf1+ 11. Rxf1 Nc6 12. Be3 O-O-O 13. Nd2 Rxd3 14.
O-O-O Be7 15. Ne1 Rd7 16. Nef3 Rhd8 17. Ng5 Nd5 18. Nxe6 fxe6 19. Rfe1 Ne5 20.
Ne4 Nxe3 21. Rxd7 Rxd7 22. fxe3 Nd3+ 23. Kd2 Nxe1+ 24. Kxe1 b6 0-1

[Event "Isolated Queens Swiss II"]
[Site "chess.com INT"]
[Date "2020.05.02"]
[Round "10"]
[White "Khrapko, Marharyta"]
[Black "Sihite, Chelsie Monica Igne"]
[Result "1-0"]
[WhiteElo "2065"]
[BlackElo "2252"]
[PlyCount "67"]
[EventDate "2020.05.02"]
[EventType "swiss"]
[EventRounds "10"]
[SourceTitle "The Week in Chess 1330"]
[Source "Mark Crowther"]
[SourceDate "2020.05.04"]
[SourceVersion "1"]
[SourceVersionDate "2020.05.04"]
[SourceQuality "2"]

1. e4 e5 2. Nf3 d5 3. exd5 e4 4. Ne5 Nf6 5. d4 exd3 6. Bxd3 Bd6 7. Nc4 O-O 8.
O-O Bxh2+ 9. Kxh2 Ng4+ 10. Kg3 h5 11. Rh1 Nd7 12. Rxh5 Ndf6 13. Rh4 b5 14. Qh1
Nh6 15. Bxh6 gxh6 16. Rxh6 Kg7 17. Qh4 Rg8 18. Ne5 Qd6 19. f4 Kf8+ 20. Kh2 Ng4+
21. Nxg4 Qxf4+ 22. Qg3 Qxg3+ 23. Kxg3 Bxg4 24. Kf2 Re8 25. Nc3 Kg7 26. Rh4 f5
27. Rah1 b4 28. Rh7+ Kf6 29. Nb5 f4 30. Nxc7 Kg5 31. Nxe8 Rxe8 32. d6 Rd8 33.
Rg7+ Kf6 34. Rxg4 1-0

[Event "Turkish Cup 2020"]
[Site "Antalya TUR"]
[Date "2020.01.30"]
[Round "8.65"]
[White "Gursu, Ahmet Burak"]
[Black "Zekeriyaoglu, E.."]
[Result "0-1"]
[WhiteElo "1297"]
[BlackElo "1799"]
[PlyCount "118"]
[EventDate "2020.01.26"]
[EventType "swiss"]
[EventRounds "11"]
[EventCountry "TUR"]
[SourceTitle "OM OTB B 201907"]
[Source "Opening Master"]
[SourceDate "2019.07.06"]
[SourceVersion "2"]
[SourceVersionDate "2019.07.06"]
[SourceQuality "1"]

1. e4 e5 2. Nf3 d5 3. Nxe5 Bd6 4. d4 dxe4 5. Bc4 Bxe5 6. Qh5 Qe7 7. Qxe5 Qxe5
8. dxe5 Nc6 9. Nc3 Bf5 10. Bf4 Nge7 11. Nd5 O-O 12. Nxe7+ Nxe7 13. O-O-O Ng6
14. Bg3 Rfe8 15. e6 Bxe6 16. Bxe6 Rxe6 17. Bxc7 Rc8 18. Ba5 Ra6 19. Bc3 Rxa2
20. Kb1 Ra6 21. Rd7 Rb6 22. Bd4 Rbc6 23. c3 R6c7 24. Rxc7 Rxc7 25. Bxa7 b5 26.
Bd4 f5 27. Kc2 Ne7 28. Ra1 Nc6 29. Be3 Kf7 30. Ra8 Ke6 31. Bf4 Ra7 32. Rc8 Ne7
33. Rb8 Nd5 34. Bd2 b4 35. c4 Rc7 36. Kb3 Ne7 37. Bxb4 Nc6 38. Rb6 f4 39. Bd2
g5 40. Kc3 Ke5 41. Rb5+ Kf6 42. Kc2 Nd4+ 43. Kd1 Nxb5 44. cxb5 Rb7 45. g3 Kf5
46. Ke2 Rxb5 47. Bc3 Rb3 48. h3 h5 49. Kd1 Rb7 50. b4 Rd7+ 51. Ke2 Rd3 52. g4+
hxg4 53. hxg4+ Kxg4 54. Bd2 Rb3 55. Be1 Rb2+ 56. Bd2 Kh3 57. Kd1 Kg2 58. Bc3
Rxf2 59. b5 Rf1+ 0-1

[Event "World Rapid 2019"]
[Site "Moscow RUS"]
[Date "2019.12.28"]
[Round "13.96"]
[White "Tissir, M.."]
[Black "Mikhailovsky, Vladimir"]
[Result "0-1"]
[WhiteElo "2379"]
[BlackElo "2209"]
[PlyCount "94"]
[EventDate "2019.12.26"]
[EventType "swiss (rapid)"]
[EventRounds "15"]
[EventCountry "RUS"]
[SourceTitle "OM OTB B 201907"]
[Source "Opening Master"]
[SourceDate "2019.07.06"]
[SourceVersion "2"]
[SourceVersionDate "2019.07.06"]
[SourceQuality "1"]

1. e4 e5 2. Nf3 d5 3. Nxe5 Bd6 4. d4 dxe4 5. Nc4 Nf6 6. Be2 O-O 7. O-O Nc6 8.
c3 h6 9. Nxd6 Qxd6 10. Na3 Bf5 11. Nc4 Qd7 12. f3 Nd5 13. Ne3 Nxe3 14. Bxe3
Rfe8 15. Qd2 Rad8 16. Rae1 Ne7 17. fxe4 Bxe4 18. Bc4 Nd5 19. Bf4 c6 20. Bg3 Re6
21. Bb3 Rde8 22. Be5 Bg6 23. c4 Nb6 24. Qc3 f6 25. Bg3 Re2 26. Rxe2 Rxe2 27.
Bd1 Re4 28. Bf2 Qf7 29. b3 Nc8 30. Bf3 Re8 31. d5 Be4 32. dxc6 Bxc6 33. Rd1 Ne7
34. Bxa7 Ra8 35. Bc5 Rxa2 36. Rd8+ Kh7 37. Qd3+ Ng6 38. Bxc6 bxc6 39. h4 f5 40.
Qg3 Qf6 41. Rd6 f4 42. Qg4 Ne5 43. Qd1 Qf5 44. Rd2 Ra8 45. Qc2 Ra1+ 46. Kf2
Qxc2 47. Rxc2 Nd3+ 0-1

[Event "8th Floripa Open 2022"]
[Site "Florianopolis BRA"]
[Date "2019.12.25"]
[Round "?"]
[White "A1986-ADDOO"]
[Black "A113ycat"]
[Result "0-1"]
[WhiteElo "2440"]
[BlackElo "2492"]
[PlyCount "44"]
[EventDate "2022.01.24"]
[EventType "swiss"]
[EventRounds "10"]
[EventCountry "BRA"]
[SourceTitle "OM Corr 202003"]
[Source "Opening Master"]
[SourceDate "2019.05.30"]
[SourceVersion "2"]
[SourceVersionDate "2019.05.30"]
[SourceQuality "1"]

1. e4 e5 2. Nf3 d5 3. exd5 e4 4. Nd4 Qxd5 5. Nb3 Nc6 6. Nc3 Qe5 7. Bb5 Bd7 8.
O-O O-O-O 9. d4 exd3 10. Bxd3 Nf6 11. f4 Qd6 12. Kh1 Nb4 13. Be3 Nxd3 14. Qxd3
Qxd3 15. cxd3 b6 16. Nd4 Kb7 17. Nf3 Ng4 18. Bg1 h5 19. Ne5 Be6 20. Nxg4 hxg4
21. Bf2 Rxd3 22. Rfd1 g3 0-1

[Event "8th Floripa Open 2022"]
[Site "Florianopolis BRA"]
[Date "2019.12.25"]
[Round "?"]
[White "A-lexx"]
[Black "A113ycat"]
[Result "0-1"]
[WhiteElo "2477"]
[BlackElo "2492"]
[PlyCount "46"]
[EventDate "2022.01.24"]
[EventType "swiss"]
[EventRounds "10"]
[EventCountry "BRA"]
[SourceTitle "OM Corr 202003"]
[Source "Opening Master"]
[SourceDate "2019.05.30"]
[SourceVersion "2"]
[SourceVersionDate "2019.05.30"]
[SourceQuality "1"]

1. e4 e5 2. Nf3 d5 3. Nxe5 Nf6 4. d4 Nxe4 5. Bd3 Bd6 6. O-O O-O 7. Nd2 f5 8.
Ndf3 c5 9. dxc5 Bxc5 10. Be3 Bxe3 11. fxe3 Nc6 12. Nxc6 bxc6 13. Kh1 Qb6 14.
Nd4 Nf6 15. Bxf5 c5 16. Nb3 Ba6 17. Rf3 Kh8 18. Qe1 g6 19. Bh3 Ne4 20. Rd1 Ng5
21. Rxf8+ Rxf8 22. Nd2 Be2 23. Qxe2 Rf1+ 0-1

[Event "8th Floripa Open 2022"]
[Site "Florianopolis BRA"]
[Date "2019.12.25"]
[Round "?"]
[White "A-1-chessplayer"]
[Black "A113ycat"]
[Result "0-1"]
[WhiteElo "2475"]
[BlackElo "2492"]
[PlyCount "28"]
[EventDate "2022.01.24"]
[EventType "swiss"]
[EventRounds "10"]
[EventCountry "BRA"]
[SourceTitle "OM OTB B 201907"]
[Source "Opening Master"]
[SourceDate "2019.07.06"]
[SourceVersion "2"]
[SourceVersionDate "2019.07.06"]
[SourceQuality "1"]

1. e4 e5 2. Nf3 d5 3. Nxe5 Nf6 4. exd5 Qxd5 5. Nf3 Nc6 6. Be2 Bg4 7. O-O O-O-O
8. d3 Qh5 9. Re1 Bd6 10. Nbd2 Nd4 11. h3 Bxh3 12. Nxd4 Qh4 13. Bf3 Ng4 14. Ne4
Ne3 0-1

[Event "London Classic Open 2019"]
[Site "London ENG"]
[Date "2019.11.30"]
[Round "2.53"]
[White "Walker, S.."]
[Black "Kuzhelev, Timur"]
[Result "1-0"]
[WhiteElo "2039"]
[BlackElo "1716"]
[PlyCount "85"]
[EventDate "2019.11.29"]
[EventType "swiss"]
[EventRounds "9"]
[EventCountry "ENG"]
[SourceTitle "OM OTB B 201907"]
[Source "Opening Master"]
[SourceDate "2019.07.06"]
[SourceVersion "2"]
[SourceVersionDate "2019.07.06"]
[SourceQuality "1"]

1. e4 e5 2. Nf3 d5 3. exd5 e4 4. Qe2 Nf6 5. Nc3 Be7 6. Nd4 O-O 7. Qc4 Nbd7 8.
Be2 Nb6 9. Qb3 Nbxd5 10. d3 exd3 11. Nxd5 Nxd5 12. Bxd3 Bb4+ 13. c3 Re8+ 14.
Kf1 Bc5 15. Bc4 c6 16. Bxd5 cxd5 17. Be3 b6 18. Rd1 Ba6+ 19. Kg1 Bc4 20. Qc2
Rc8 21. h4 h6 22. Rh3 Re4 23. Nf5 Qf6 24. Rf3 Bxe3 25. Nxe3 Qxh4 26. Qd2 Rce8
27. b3 Bd3 28. Qxd3 R8e5 29. Rf5 Re6 30. Rxd5 g6 31. Rd4 Rxd4 32. cxd4 Rf6 33.
Qd2 b5 34. d5 Rd6 35. Qd4 Qe7 36. Rc1 Rd8 37. b4 f5 38. Qf4 Kh7 39. Rc7 Rd7 40.
Nxf5 Qe1+ 41. Kh2 g5 42. Rxd7+ Kg6 43. Rd6+ 1-0

[Event "UK Open Blitz 2019"]
[Site "Solihull ENG"]
[Date "2019.11.16"]
[Round "4.4"]
[White "Tan, Ju2"]
[Black "Greet, A.."]
[Result "1-0"]
[WhiteElo "2515"]
[BlackElo "2414"]
[PlyCount "43"]
[EventDate "2019.11.16"]
[EventType "tourn (blitz)"]
[EventRounds "15"]
[EventCountry "ENG"]
[EventCategory "5"]
[SourceTitle "OM OTB B 201907"]
[Source "Opening Master"]
[SourceDate "2019.07.06"]
[SourceVersion "2"]
[SourceVersionDate "2019.07.06"]
[SourceQuality "1"]

1. e4 e5 2. Nf3 d5 3. Nxe5 Bd6 4. d4 dxe4 5. Nc4 Nf6 6. Nxd6+ Qxd6 7. Be2 O-O
8. O-O Nc6 9. c3 Nd5 10. f3 Bf5 11. fxe4 Bxe4 12. Bf3 Rae8 13. Bxe4 Rxe4 14.
Nd2 Re6 15. Nc4 Qe7 16. Qf3 Qd7 17. Ne3 Rf6 18. Qxd5 Rxf1+ 19. Kxf1 Qe7 20. Bd2
Rd8 21. Qf3 Ne5 22. Qe4 1-0

[Event "Hampshire Open 2019"]
[Site "Fareham ENG"]
[Date "2019.11.03"]
[Round "5"]
[White "Chandler, C.."]
[Black "Kuzhelev, Timur"]
[Result "1/2-1/2"]
[WhiteElo "2281"]
[BlackElo "1716"]
[PlyCount "82"]
[EventDate "2019.11.01"]
[EventType "swiss"]
[EventRounds "6"]
[EventCountry "ENG"]
[SourceTitle "OM OTB B 201907"]
[Source "Opening Master"]
[SourceDate "2019.07.06"]
[SourceVersion "2"]
[SourceVersionDate "2019.07.06"]
[SourceQuality "1"]

1. e4 e5 2. Nf3 d5 3. Nxe5 Bd6 4. d4 dxe4 5. Bc4 Bxe5 6. Qh5 Qe7 7. dxe5 g6 8.
Qe2 Nc6 9. Nc3 Qxe5 10. Qxe4 Bf5 11. Qxe5+ Nxe5 12. Bb3 O-O-O 13. Bf4 f6 14.
O-O Ne7 15. Rfe1 N7c6 16. Nd5 Bxc2 17. Nxf6 Bxb3 18. Bxe5 Nxe5 19. axb3 Nd3 20.
Rxa7 Kb8 21. Rea1 c6 22. Ra8+ Kc7 23. Rxd8 Rxd8 24. Rd1 h5 25. Kf1 b5 26. Ne4
c5 27. Nc3 Kc6 28. g3 c4 29. bxc4 bxc4 30. Rd2 Kc5 31. Nd1 g5 32. b3 cxb3 33.
Nb2 Nxb2 34. Rxd8 Nc4 35. Ke2 b2 36. Rd1 Na3 37. Kd3 b1=Q+ 38. Rxb1 Nxb1 39.
Ke4 Nd2+ 40. Kf5 Nf3 41. h4 gxh4 1/2-1/2

[Event "23rd OIBM 2019"]
[Site "Tegernsee GER"]
[Date "2019.10.26"]
[Round "1.45"]
[White "Soham, Das"]
[Black "Olbrisch, M.."]
[Result "1-0"]
[WhiteElo "2376"]
[BlackElo "2098"]
[PlyCount "49"]
[EventDate "2019.10.26"]
[EventType "swiss"]
[EventRounds "9"]
[EventCountry "GER"]
[SourceTitle "OM OTB B 201907"]
[Source "Opening Master"]
[SourceDate "2019.07.06"]
[SourceVersion "2"]
[SourceVersionDate "2019.07.06"]
[SourceQuality "1"]

1. e4 e5 2. Nf3 d5 3. exd5 e4 4. Qe2 Be7 5. Qxe4 Nf6 6. Bb5+ c6 7. dxc6 Nxc6 8.
Bxc6+ bxc6 9. Qxc6+ Bd7 10. Qa6 O-O 11. O-O Nd5 12. d4 Nb4 13. Qe2 Bf5 14. Na3
Rc8 15. Re1 Re8 16. Bd2 Nxc2 17. Nxc2 Rxc2 18. Qb5 Bd7 19. Qb3 Rc8 20. d5 Rb8
21. Qd3 Bb5 22. Qf5 a6 23. Qf4 Bf6 24. Rxe8+ Bxe8 25. Ba5 1-0

[Event "SVK-chT2C 1920"]
[Site "Slovakia"]
[Date "2019.10.26"]
[Round "1.6"]
[White "Bakalar, Jan"]
[Black "Druska, Robert"]
[Result "1/2-1/2"]
[WhiteElo "1908"]
[BlackElo "1882"]
[PlyCount "57"]
[EventDate "2019.10.26"]
[EventType "team-tourn"]
[EventRounds "11"]
[EventCountry "SVK"]
[SourceTitle "OM OTB B 201907"]
[Source "Opening Master"]
[SourceDate "2019.07.06"]
[SourceVersion "2"]
[SourceVersionDate "2019.07.06"]
[SourceQuality "1"]
[WhiteTeam "Rajecke Teplice"]
[BlackTeam "Ruzomberok Montana"]
[WhiteTeamCountry "SVK"]
[BlackTeamCountry "SVK"]

1. e4 e5 2. Nf3 d5 3. exd5 Qxd5 4. Nc3 Qa5 5. Bc4 Be7 6. Qe2 Nc6 7. Nd5 Bf5 8.
c3 e4 9. Nxe7 Ngxe7 10. Nh4 O-O-O 11. b4 Qe5 12. b5 Na5 13. d4 Qf6 14. Nxf5
Nxf5 15. O-O Nxd4 16. cxd4 Qxd4 17. Bg5 Qxc4 18. Qxc4 Nxc4 19. Bxd8 Rxd8 20.
Rfd1 Re8 21. Rd4 Nd6 22. a4 Kd7 23. Re1 Re6 24. f3 exf3 25. Rxe6 Kxe6 26. gxf3
Ke5 27. Rh4 h6 28. Kf2 Kd5 29. Ke2 1/2-1/2

[Event "45th Guernsey Open 2019"]
[Site "Vale GCI"]
[Date "2019.10.25"]
[Round "6.17"]
[White "Korte, M.."]
[Black "Sedgwick, D.."]
[Result "1-0"]
[WhiteElo "1975"]
[BlackElo "1999"]
[PlyCount "55"]
[EventDate "2019.10.20"]
[EventType "swiss"]
[EventRounds "7"]
[EventCountry "GCI"]
[SourceTitle "OM OTB B 201907"]
[Source "Opening Master"]
[SourceDate "2019.07.06"]
[SourceVersion "2"]
[SourceVersionDate "2019.07.06"]
[SourceQuality "1"]

1. e4 e5 2. Nf3 d5 3. Nxe5 Bd6 4. d4 dxe4 5. Nc4 Nf6 6. Nxd6+ Qxd6 7. Nc3 Nc6
8. Nb5 Qd8 9. d5 Bg4 10. Qd2 Ne5 11. Qc3 O-O 12. Qxe5 Re8 13. Qf4 Qxd5 14. Be3
Rad8 15. Nc3 Qa5 16. Bc4 b5 17. Qg5 c6 18. Bb3 h6 19. Qc5 Nd7 20. Qxa7 Qxa7 21.
Bxa7 Rc8 22. Be3 b4 23. Ne2 Ne5 24. h3 Bh5 25. Nf4 Bg6 26. Nxg6 Nxg6 27. Bc5
Rb8 28. O-O-O 1-0

[Event "27th Vallfogona Rapid"]
[Site "Vallfogona de Balague ESP"]
[Date "2019.09.22"]
[Round "1.2"]
[White "Sosa, T ARG.."]
[Black "Rodon Balcells, J.."]
[Result "1-0"]
[WhiteElo "2524"]
[BlackElo "1841"]
[PlyCount "79"]
[EventDate "2019.09.22"]
[EventType "swiss (rapid)"]
[EventRounds "9"]
[EventCountry "ESP"]
[SourceTitle "OM OTB B 201907"]
[Source "Opening Master"]
[SourceDate "2019.07.06"]
[SourceVersion "2"]
[SourceVersionDate "2019.07.06"]
[SourceQuality "1"]

1. e4 e5 2. Nf3 d5 3. d3 dxe4 4. dxe4 Qxd1+ 5. Kxd1 Bg4 6. Be3 Nc6 7. Nbd2
O-O-O 8. c3 Nf6 9. Kc2 Kb8 10. Ng5 Bh5 11. Bc4 Rd7 12. f3 h6 13. Nh3 g5 14. g4
Bg6 15. Nf2 Be7 16. Bb5 Rhd8 17. Nc4 Bd6 18. Rad1 a6 19. Bxc6 bxc6 20. Na5 Ka8
21. Nxc6 Re8 22. Kc1 Re6 23. h4 Bc5 24. Bxc5 Rxc6 25. Rxd7 Nxd7 26. Be3 f6 27.
hxg5 hxg5 28. Rh8+ Kb7 29. Nd3 Rd6 30. Kc2 Nb6 31. Nc5+ Kc6 32. Nxa6 Nc4 33.
Nb4+ Kd7 34. Bc1 Bf7 35. b3 Nb6 36. Nd3 Kc6 37. Ba3 Rd7 38. Rh6 Nc8 39. Rxf6+
Nd6 40. Nxe5+ 1-0

[Event "Panchenko Mem Open 2019"]
[Site "Chelyabinsk RUS"]
[Date "2019.09.17"]
[Round "9.47"]
[White "Menshikov, Ivan"]
[Black "Lefebr, V.."]
[Result "0-1"]
[WhiteElo "1563"]
[BlackElo "1943"]
[PlyCount "86"]
[EventDate "2019.09.09"]
[EventType "swiss"]
[EventRounds "9"]
[EventCountry "RUS"]
[SourceTitle "OM OTB B 201907"]
[Source "Opening Master"]
[SourceDate "2019.07.06"]
[SourceVersion "2"]
[SourceVersionDate "2019.07.06"]
[SourceQuality "1"]

1. e4 e5 2. Nf3 d5 3. exd5 e4 4. Qe2 Nf6 5. d3 Qxd5 6. Nc3 Bb4 7. Bd2 Bxc3 8.
Bxc3 O-O 9. dxe4 Nxe4 10. Qd3 Nxc3 11. bxc3 Re8+ 12. Be2 Qa5 13. O-O Nc6 14.
Nd4 Nxd4 15. cxd4 Bf5 16. Qb5 Qxb5 17. Bxb5 c6 18. Ba4 Rad8 19. c3 Re2 20. Rfe1
Rde8 21. Rxe2 Rxe2 22. Bb3 Kf8 23. Kf1 Rb2 24. Rc1 Bb1 25. c4 Bxa2 26. Bxa2
Rxa2 27. d5 Rd2 28. Rb1 cxd5 29. cxd5 Rxd5 30. Rxb7 Ra5 31. g3 Ra2 32. h4 h5
33. Kg2 g6 34. Kf3 a5 35. Ra7 a4 36. Kg2 a3 37. Kf3 Ra1 38. Kg2 a2 39. f3 Kg7
40. g4 Kf6 41. gxh5 gxh5 42. Kf2 Rh1 43. Ra6+ Kg7 0-1

[Event "21st Sants Open 2019"]
[Site "Barcelona ESP"]
[Date "2019.08.27"]
[Round "5.21"]
[White "Nijboer, F.."]
[Black "Cervello Tost, Ferran"]
[Result "1/2-1/2"]
[WhiteElo "2480"]
[BlackElo "2367"]
[PlyCount "30"]
[EventDate "2019.08.23"]
[EventType "swiss"]
[EventRounds "10"]
[EventCountry "ESP"]
[SourceTitle "OM OTB B 201907"]
[Source "Opening Master"]
[SourceDate "2019.07.06"]
[SourceVersion "2"]
[SourceVersionDate "2019.07.06"]
[SourceQuality "1"]

1. e4 e5 2. Nf3 d5 3. exd5 e4 4. Qe2 Nf6 5. Nc3 Be7 6. Ne5 O-O 7. d4 exd3 8.
Nxd3 Re8 9. Be3 Nxd5 10. Nxd5 Qxd5 11. Nf4 Qa5+ 12. Qd2 Bb4 13. c3 Bc5 14. Be2
Bxe3 15. fxe3 Nc6 1/2-1/2

[Event "21st Sants Open 2019"]
[Site "Barcelona ESP"]
[Date "2019.08.25"]
[Round "3.49"]
[White "Mari Copa, Adria"]
[Black "Cervello Tost, Ferran"]
[Result "0-1"]
[WhiteElo "2077"]
[BlackElo "2367"]
[PlyCount "86"]
[EventDate "2019.08.23"]
[EventType "swiss"]
[EventRounds "10"]
[EventCountry "ESP"]
[SourceTitle "The Week in Chess 1295"]
[Source "Mark Crowther"]
[SourceDate "2019.09.02"]
[SourceVersion "1"]
[SourceVersionDate "2019.09.02"]
[SourceQuality "2"]

1. e4 e5 2. Nf3 d5 3. exd5 e4 4. Qe2 Nf6 5. Nc3 Be7 6. Nxe4 O-O 7. d3 c6 8. d6
Bxd6 9. Bg5 Be7 10. Nxf6+ Bxf6 11. Bxf6 Qxf6 12. O-O-O Bg4 13. h3 Bxf3 14. Qxf3
Qxf3 15. gxf3 Re8 16. d4 Nd7 17. Bc4 Nb6 18. b3 Rad8 19. Rhe1 Kf8 20. Rxe8+
Kxe8 21. Re1+ Kf8 22. Re4 f5 23. Re5 Nxc4 24. Rxf5+ Ke7 25. bxc4 Rxd4 26. Ra5
a6 27. Re5+ Kf6 28. Re4 Rd7 29. c5 g5 30. Kb2 h5 31. Kb3 Rd2 32. h4 Rxf2 33.
hxg5+ Kxg5 34. Re5+ Kg6 35. Re7 Rxf3+ 36. Kb4 Rf7 37. Re1 h4 38. Kc4 Rd7 39.
Re5 h3 40. Re3 Rh7 41. Re1 h2 42. Rh1 Kg5 43. Kd3 Kg4 0-1